Technologie pletařství : pro 2. ročník středních odborných učilišť /

Uložené v:
Podrobná bibliografia
Hlavný autor: Fuxa, Jiří (Author)
Médium: Kniha
Jazyk:Czech
Vydané: Praha : Státní nakladatelství technické literatury, 1985
Vydanie:2. nezměn. vyd.
ISBN: (viaz.)
Fyzický popis: 304 s. : obr., fot., tb. ; 20 cm.
Tagy: Pridať tag
Žiadne tagy, Buďte prvý kto otaguje tento záznam!

MARC

LEADER 00000nam a2200000 4500
001 000409276
005 20121108171549.0
008 850625s1985 xr e cze d
020 |a (viaz.)  |c Kčs 16,00 
040 |a SVKKK  |b slo  |c SVKKK  |e AACR2 
041 0 |a cze 
044 |a xr  |c CZ 
100 1 |a Fuxa, Jiří  |4 aut 
245 1 0 |a Technologie pletařství :  |b pro 2. ročník středních odborných učilišť /  |c Jiří Fuxa. 
250 |a 2. nezměn. vyd. 
260 |a Praha :  |b Státní nakladatelství technické literatury,  |c 1985  |f (TZ 2) 
300 |a 304 s. :  |b obr., fot., tb. ;  |c 20 cm. 
366 |e 1400 výt. 
500 |a Väzba Metoděj Sychra 
910 |a svkkk 
998 |a BK 
090 |g SCKHL  |k Sklad Pribinova 2. posch.  |a II.304921  |j 709702  |i B271253  |s Absenčne